[Event "World Chess Olympiad 2018"]
[Site "Batumi"]
[Date "2018.09.30"]
[Round "6"]
[Board "3"]
[WhiteFideId "628859"]
[White "Jessel Stephen"]
[BlackFideId "7900872"]
[Black "Arab Adlane"]
[Result "0-1"]
[LiveChessVersion "1.4.8"]
[BlackElo "2482"]
[WhiteElo "2317"]

1. Nf3 {[%clk 1:30:51]} Nf6 {[%clk 1:30:49]} 2. c4 {[%clk 1:31:10]} b6
{[%clk 1:31:06]} 3. g3 {[%clk 1:31:13]} Bb7 {[%clk 1:31:28]} 4. Bg2
{[%clk 1:31:37]} e6 {[%clk 1:31:45]} 5. O-O {[%clk 1:31:55]} Be7 {[%clk 1:30:19]}
6. b3 {[%clk 1:31:38]} O-O {[%clk 1:29:41]} 7. Bb2 {[%clk 1:31:57]} d5
{[%clk 1:28:39]} 8. e3 {[%clk 1:31:27]} dxc4 {[%clk 1:23:00]} 9. bxc4
{[%clk 1:28:40]} c5 {[%clk 1:23:25]} 10. Nc3 {[%clk 1:28:31]} Ne4
{[%clk 1:20:04]} 11. Qc2 {[%clk 1:22:00]} Nxc3 {[%clk 1:20:22]} 12. Bxc3
{[%clk 1:19:39]} Nc6 {[%clk 1:11:48]} 13. Rfd1 {[%clk 1:16:08]} Rc8
{[%clk 1:04:13]} 14. Rac1 {[%clk 1:09:04]} Bf6 {[%clk 0:56:15]} 15. d4
{[%clk 0:59:34]} cxd4 {[%clk 0:56:36]} 16. exd4 {[%clk 0:58:40]} Ne7
{[%clk 0:55:47]} 17. Qb3 {[%clk 0:40:22]} Qc7 {[%clk 0:47:39]} 18. d5
{[%clk 0:33:34]} exd5 {[%clk 0:46:09]} 19. Bxf6 {[%clk 0:31:16]} gxf6
{[%clk 0:46:31]} 20. Qb2 {[%clk 0:28:46]} dxc4 {[%clk 0:45:15]} 21. Qxf6
{[%clk 0:28:34]} Bxf3 {[%clk 0:42:48]} 22. Bxf3 {[%clk 0:26:09]} Ng6
{[%clk 0:43:08]} 23. Rd5 {[%clk 0:15:38]} Rfe8 {[%clk 0:31:09]} 24. h4
{[%clk 0:12:09]} Qe7 {[%clk 0:29:02]} 25. Qd4 {[%clk 0:07:15]} c3
{[%clk 0:27:09]} 26. h5 {[%clk 0:04:55]} Ne5 {[%clk 0:27:29]} 27. Rxc3
{[%clk 0:02:56]} Rxc3 {[%clk 0:20:40]} 28. Qxc3 {[%clk 0:03:23]} Qf6
{[%clk 0:20:54]} 29. Kg2 {[%clk 0:02:31]} h6 {[%clk 0:20:51]} 30. Bd1
{[%clk 0:01:27]} Kg7 {[%clk 0:18:00]} 31. Qd4 {[%clk 0:01:21]} Re7
{[%clk 0:07:44]} 32. Rd6 {[%clk 0:00:55]} Re6 {[%clk 0:07:53]} 33. Rxe6
{[%clk 0:00:37]} fxe6 {[%clk 0:08:09]} 34. f4 {[%clk 0:00:34]} Nf7
{[%clk 0:08:19]} 35. Qe4 {[%clk 0:00:32]} Qb2+ {[%clk 0:08:25]} 36. Kh3
{[%clk 0:00:35]} Qxa2 {[%clk 0:07:44]} 37. Bg4 {[%clk 0:00:44]} Kf6
{[%clk 0:07:10]} 38. Qg6+ {[%clk 0:00:34]} Ke7 {[%clk 0:07:34]} 39. Qg7
{[%clk 0:00:33]} Qd5 {[%clk 0:07:21]} 40. Kh4 {[%clk 0:30:32]} a5
{[%clk 0:36:06]} 41. Qc3 {[%clk 0:25:27]} Qc5 {[%clk 0:29:58]} 42. Qb3
{[%clk 0:22:50]} Qd6 {[%clk 0:30:15]} 43. Be2 {[%clk 0:19:51]} Qb4
{[%clk 0:30:13]} 44. Qc2 {[%clk 0:17:38]} a4 {[%clk 0:30:15]} 45. Qc8
{[%clk 0:12:21]} Qc5 {[%clk 0:30:14]} 46. Qa8 {[%clk 0:10:52]} a3
{[%clk 0:30:19]} 47. Bd3 {[%clk 0:10:01]} b5 {[%clk 0:26:42]} 48. Bg6
{[%clk 0:08:33]} Nd8 {[%clk 0:27:01]} 49. Qa5 {[%clk 0:07:46]} Nb7
{[%clk 0:26:36]} 50. Qa8 {[%clk 0:07:58]} Nd6 {[%clk 0:26:31]} 51. Qh8
{[%clk 0:06:38]} a2 {[%clk 0:26:40]} 52. Qg7+ {[%clk 0:02:51]} Kd8
{[%clk 0:27:04]} 53. Qf8+ {[%clk 0:02:59]} Kd7 {[%clk 0:26:54]} 54. Be8+
{[%clk 0:02:29]} Kc7 {[%clk 0:27:14]} 55. Qe7+ {[%clk 0:01:12]} Kb6
{[%clk 0:27:33]} 0-1

[Event "World Chess Olympiad 2018"]
[Site "Batumi"]
[Date "2018.09.30"]
[Round "6"]
[Board "4"]
[WhiteFideId "7901810"]
[White "Oussedik Mahfoud"]
[BlackFideId "2501961"]
[Black "Fitzsimons David"]
[Result "1-0"]
[LiveChessVersion "1.4.8"]
[BlackElo "2316"]
[WhiteElo "2318"]

1. d4 {[%clk 1:30:57]} Nf6 {[%clk 1:30:54]} 2. c4 {[%clk 1:31:14]} e6
{[%clk 1:31:14]} 3. g3 {[%clk 1:29:12]} d5 {[%clk 1:31:27]} 4. Nf3
{[%clk 1:29:32]} dxc4 {[%clk 1:31:40]} 5. Bg2 {[%clk 1:29:57]} Bb4+
{[%clk 1:31:53]} 6. Bd2 {[%clk 1:30:18]} c5 {[%clk 1:32:07]} 7. Bxb4
{[%clk 1:23:17]} cxb4 {[%clk 1:32:30]} 8. Ne5 {[%clk 1:20:53]} O-O
{[%clk 1:32:22]} 9. Nxc4 {[%clk 1:20:24]} Nc6 {[%clk 1:32:22]} 10. e3
{[%clk 1:20:34]} e5 {[%clk 1:32:20]} 11. d5 {[%clk 1:13:54]} b5 {[%clk 1:32:34]}
12. Nb6 {[%clk 0:59:02]} Qxb6 {[%clk 1:24:31]} 13. dxc6 {[%clk 0:59:27]} Bg4
{[%clk 1:19:05]} 14. Qc2 {[%clk 0:56:35]} Rac8 {[%clk 1:18:24]} 15. Nd2
{[%clk 0:56:50]} Rfd8 {[%clk 1:17:53]} 16. Rc1 {[%clk 0:50:30]} h6
{[%clk 1:07:41]} 17. O-O {[%clk 0:44:57]} Be2 {[%clk 0:59:48]} 18. Rfe1
{[%clk 0:44:34]} Bd3 {[%clk 1:00:11]} 19. Qc5 {[%clk 0:43:37]} Qxc5
{[%clk 0:35:54]} 20. Rxc5 {[%clk 0:43:58]} Nd7 {[%clk 0:34:57]} 21. Rd5
{[%clk 0:40:08]} Nb6 {[%clk 0:35:08]} 22. Rxe5 {[%clk 0:38:35]} Rc7
{[%clk 0:27:40]} 23. b3 {[%clk 0:31:07]} Rd6 {[%clk 0:23:17]} 24. Rc1
{[%clk 0:23:45]} Kf8 {[%clk 0:22:53]} 25. Rec5 {[%clk 0:22:34]} a6
{[%clk 0:21:27]} 26. e4 {[%clk 0:17:32]} f6 {[%clk 0:18:37]} 27. f4
{[%clk 0:16:43]} Be2 {[%clk 0:17:55]} 28. Nf1 {[%clk 0:14:59]} Rd3
{[%clk 0:16:17]} 29. Kf2 {[%clk 0:12:29]} Bxf1 {[%clk 0:11:11]} 30. Kxf1
{[%clk 0:11:23]} Nc8 {[%clk 0:06:19]} 31. Ke2 {[%clk 0:11:40]} Rd6
{[%clk 0:06:17]} 32. Bh3 {[%clk 0:08:15]} Ke7 {[%clk 0:04:10]} 33. Ke3
{[%clk 0:05:49]} g5 {[%clk 0:03:23]} 34. e5 {[%clk 0:04:57]} fxe5
{[%clk 0:03:52]} 35. Rxe5+ {[%clk 0:04:06]} Kf6 {[%clk 0:04:22]} 36. Bxc8
{[%clk 0:03:38]} Rxc8 {[%clk 0:04:40]} 37. c7 {[%clk 0:04:04]} gxf4+
{[%clk 0:03:29]} 38. gxf4 {[%clk 0:04:27]} Kf7 {[%clk 0:03:46]} 39. h4
{[%clk 0:03:05]} Rg6 {[%clk 0:02:19]} 40. Rc2 {[%clk 0:33:11]} Rd6
{[%clk 0:31:23]} 41. h5 {[%clk 0:32:14]} Rb6 {[%clk 0:26:59]} 42. Rec5
{[%clk 0:32:30]} Re6+ {[%clk 0:26:00]} 43. Kf3 {[%clk 0:32:47]} Ke7
{[%clk 0:23:47]} 44. Re5 {[%clk 0:31:58]} Kf6 {[%clk 0:23:23]} 45. Rxe6+ Kxe6 46.
Ke4 {[%clk 0:32:37]} a5 {[%clk 0:21:59]} 47. Rc6+ {[%clk 0:32:50]} Kd7
{[%clk 0:22:22]} 48. Kd5 {[%clk 0:33:04]} Rxc7 {[%clk 0:20:30]} 49. Rxc7+
{[%clk 0:33:28]} Kxc7 {[%clk 0:20:59]} 50. Ke6 {[%clk 0:33:41]} 1-0

[Event "World Chess Olympiad 2018"]
[Site "Batumi"]
[Date "2018.09.30"]
[Round "6"]
[Board "1"]
[WhiteFideId "14200244"]
[White "Kasimdzhanov Rustam"]
[BlackFideId "12800112"]
[Black "Sulskis Sarunas"]
[Result "1/2-1/2"]
[LiveChessVersion "1.4.8"]
[BlackElo "2525"]
[WhiteElo "2662"]

1. e4 {[%clk 1:30:54]} e5 {[%clk 1:30:52]} 2. Nf3 {[%clk 1:31:17]} Nc6
{[%clk 1:31:14]} 3. Bb5 {[%clk 1:31:42]} g6 {[%clk 1:31:31]} 4. c3
{[%clk 1:30:52]} a6 {[%clk 1:31:40]} 5. Ba4 {[%clk 1:31:15]} Bg7 {[%clk 1:31:33]}
6. O-O {[%clk 1:29:16]} d6 {[%clk 1:22:22]} 7. d4 {[%clk 1:28:22]} b5
{[%clk 1:14:17]} 8. Bb3 {[%clk 1:24:44]} exd4 {[%clk 1:13:40]} 9. Ng5
{[%clk 1:15:15]} Nh6 {[%clk 1:07:57]} 10. Bd5 {[%clk 1:14:31]} Bb7
{[%clk 1:04:08]} 11. cxd4 {[%clk 1:11:26]} O-O {[%clk 1:02:25]} 12. Nc3
{[%clk 1:06:47]} Qc8 {[%clk 0:57:38]} 13. Nf3 {[%clk 0:58:40]} Kh8
{[%clk 0:50:02]} 14. Bg5 {[%clk 0:48:55]} f6 {[%clk 0:44:26]} 15. Bh4
{[%clk 0:41:46]} g5 {[%clk 0:39:52]} 16. Bg3 {[%clk 0:24:35]} g4 {[%clk 0:40:00]}
17. Bxc6 {[%clk 0:23:55]} Bxc6 {[%clk 0:39:49]} 18. d5 {[%clk 0:24:20]} gxf3
{[%clk 0:38:09]} 19. dxc6 {[%clk 0:22:31]} fxg2 {[%clk 0:38:26]} 20. Re1
{[%clk 0:22:29]} f5 {[%clk 0:31:24]} 21. Nd5 {[%clk 0:21:38]} fxe4
{[%clk 0:26:28]} 22. Rxe4 {[%clk 0:18:53]} Nf5 {[%clk 0:26:26]} 23. Qd2
{[%clk 0:10:16]} Rf7 {[%clk 0:18:45]} 24. Rae1 {[%clk 0:09:49]} Qg8
{[%clk 0:18:37]} 25. f4 {[%clk 0:05:39]} Bf6 {[%clk 0:11:39]} 26. Qd3
{[%clk 0:01:23]} Raf8 {[%clk 0:11:36]} 27. Nxf6 {[%clk 0:00:38]} Rxf6
{[%clk 0:11:55]} 28. Bf2 {[%clk 0:01:06]} Qg6 {[%clk 0:07:57]} 29. a4 bxa4
{[%clk 0:07:09]} 30. Qc3 {[%clk 0:01:16]} d5 {[%clk 0:05:06]} 31. Rxa4
{[%clk 0:01:30]} Kg8 {[%clk 0:05:07]} 32. Qe5 {[%clk 0:01:15]} Qf7
{[%clk 0:05:04]} 33. Bd4 {[%clk 0:00:38]} Nxd4 {[%clk 0:04:27]} 34. Rxd4
{[%clk 0:01:06]} Rxf4 {[%clk 0:04:22]} 35. Qg5+ {[%clk 0:00:45]} Kh8
{[%clk 0:04:15]} 36. Rxf4 {[%clk 0:00:43]} Qxf4 {[%clk 0:04:34]} 37. Qxf4
{[%clk 0:01:12]} Rxf4 {[%clk 0:04:55]} 38. Re7 {[%clk 0:01:41]} Rc4
{[%clk 0:02:37]} 39. Rxc7 {[%clk 0:02:07]} Rc2 {[%clk 0:03:01]} 40. b4
{[%clk 0:32:07]} d4 {[%clk 0:32:49]} 41. Rd7 {[%clk 0:32:20]} Rxc6
{[%clk 0:32:49]} 42. Rxd4 {[%clk 0:32:46]} Rg6 {[%clk 0:31:26]} 43. Rd5
{[%clk 0:30:48]} Kg7 {[%clk 0:26:56]} 44. b5 {[%clk 0:29:07]} axb5
{[%clk 0:25:54]} 45. Rxb5 {[%clk 0:27:51]} Kh6 {[%clk 0:26:18]} 46. Rb2
{[%clk 0:28:01]} Kh5 {[%clk 0:26:40]} 47. Rxg2 {[%clk 0:28:16]} Kh4
{[%clk 0:26:51]} 48. Kh1 {[%clk 0:28:35]} Kh3 {[%clk 0:26:49]} 49. Rg5
{[%clk 0:28:54]} Rxg5 1/2-1/2

[Event "World Chess Olympiad 2018"]
[Site "Batumi"]
[Date "2018.09.30"]
[Round "6"]
[Board "2"]
[WhiteFideId "12809390"]
[White "Pultinevicius Paulius"]
[BlackFideId "14204118"]
[Black "Abdusattorov Nodirbek"]
[Result "1/2-1/2"]
[LiveChessVersion "1.4.8"]
[BlackElo "2558"]
[WhiteElo "2465"]

1. e4 {[%clk 1:30:58]} c5 {[%clk 1:30:30]} 2. Nf3 {[%clk 1:31:21]} d6
{[%clk 1:30:50]} 3. d4 {[%clk 1:31:46]} cxd4 {[%clk 1:31:14]} 4. Nxd4
{[%clk 1:32:13]} Nf6 {[%clk 1:31:38]} 5. Nc3 {[%clk 1:32:37]} a6 {[%clk 1:32:04]}
6. Nb3 {[%clk 1:33:03]} e6 {[%clk 1:28:20]} 7. g4 {[%clk 1:32:24]} b5
{[%clk 1:28:06]} 8. Bg2 {[%clk 1:31:11]} Bb7 {[%clk 1:28:24]} 9. g5
{[%clk 1:31:19]} b4 {[%clk 1:24:41]} 10. Nd5 {[%clk 1:30:29]} Nxd5
{[%clk 1:21:26]} 11. exd5 {[%clk 1:30:35]} Be7 {[%clk 1:19:06]} 12. Qg4
{[%clk 1:22:07]} Bxd5 {[%clk 1:03:56]} 13. Bxd5 {[%clk 1:21:49]} exd5
{[%clk 1:04:20]} 14. Qxb4 {[%clk 1:12:14]} O-O {[%clk 0:55:04]} 15. Qb7
{[%clk 1:05:01]} Nd7 {[%clk 0:54:50]} 16. Qxd5 {[%clk 1:05:18]} Rc8
{[%clk 0:45:18]} 17. c3 {[%clk 1:03:44]} Nb6 {[%clk 0:44:18]} 18. Qg2
{[%clk 1:01:50]} Qd7 {[%clk 0:39:09]} 19. O-O {[%clk 1:00:12]} Nc4
{[%clk 0:37:26]} 20. Nd4 {[%clk 0:51:56]} d5 {[%clk 0:34:20]} 21. Rd1
{[%clk 0:50:48]} Rfe8 {[%clk 0:31:35]} 22. b3 {[%clk 0:43:52]} Nd6
{[%clk 0:31:03]} 23. Nc2 {[%clk 0:42:33]} Nb5 {[%clk 0:25:26]} 24. Rxd5
{[%clk 0:33:01]} Qe6 {[%clk 0:25:29]} 25. c4 {[%clk 0:25:53]} Nc3
{[%clk 0:25:39]} 26. Rd3 {[%clk 0:24:29]} Ne2+ {[%clk 0:21:03]} 27. Kh1
{[%clk 0:16:47]} Qg6 {[%clk 0:20:07]} 28. Qf3 {[%clk 0:15:12]} Bf6
{[%clk 0:20:24]} 29. Rb1 {[%clk 0:10:12]} Rcd8 {[%clk 0:18:29]} 30. Rxd8
{[%clk 0:08:48]} Bxd8 {[%clk 0:18:52]} 31. Na3 {[%clk 0:08:14]} Nd4
{[%clk 0:16:08]} 32. Qd5 {[%clk 0:08:36]} Re1+ {[%clk 0:16:05]} 33. Kg2
{[%clk 0:09:02]} Ne6 {[%clk 0:16:29]} 34. Be3 {[%clk 0:07:04]} Rxb1
{[%clk 0:15:46]} 35. Nxb1 {[%clk 0:07:30]} Qxb1 {[%clk 0:16:08]} 36. Qc6
{[%clk 0:07:22]} g6 {[%clk 0:14:46]} 37. Qe8+ {[%clk 0:06:06]} Kg7
{[%clk 0:15:10]} 38. Bd4+ {[%clk 0:06:30]} Nxd4 {[%clk 0:15:36]} 39. Qe5+
{[%clk 0:06:55]} f6 {[%clk 0:12:32]} 40. Qxd4 {[%clk 0:37:16]} Be7
{[%clk 0:42:49]} 41. gxf6+ {[%clk 0:32:51]} Bxf6 {[%clk 0:43:10]} 42. Qd7+
{[%clk 0:32:47]} Kf8 {[%clk 0:43:17]} 43. Qc8+ {[%clk 0:22:50]} Kf7
{[%clk 0:43:36]} 44. Qd7+ {[%clk 0:11:55]} Be7 {[%clk 0:43:37]} 45. Qd5+
{[%clk 0:12:18]} Kf8 {[%clk 0:40:58]} 46. Qa8+ {[%clk 0:12:15]} Kg7
{[%clk 0:41:01]} 47. Qxa6 {[%clk 0:12:38]} Qe4+ {[%clk 0:41:07]} 48. Kg1
{[%clk 0:12:50]} Bc5 {[%clk 0:41:12]} 49. Qa5 {[%clk 0:13:08]} Qe5
{[%clk 0:40:10]} 50. Qd2 {[%clk 0:12:48]} Qf5 {[%clk 0:34:42]} 51. Kg2
{[%clk 0:09:29]} h5 {[%clk 0:34:15]} 52. Qc3+ {[%clk 0:07:41]} Kh7
{[%clk 0:31:45]} 53. Qf3 {[%clk 0:05:21]} Qg5+ {[%clk 0:32:01]} 54. Kf1
{[%clk 0:04:30]} Qd2 {[%clk 0:29:36]} 55. a4 {[%clk 0:04:18]} Kg7
{[%clk 0:28:57]} 56. Qb7+ {[%clk 0:04:04]} Kh6 {[%clk 0:29:19]} 57. Qf3
{[%clk 0:04:22]} Bb4 {[%clk 0:26:19]} 58. Kg2 {[%clk 0:02:56]} Qd4
{[%clk 0:24:49]} 59. Kf1 {[%clk 0:02:01]} Kg5 {[%clk 0:24:10]} 60. Qg3+
{[%clk 0:02:16]} Kh6 {[%clk 0:23:14]} 61. Qf3 {[%clk 0:02:33]} Qe5
{[%clk 0:22:32]} 62. h3 {[%clk 0:01:27]} Qc5 {[%clk 0:20:15]} 63. Qf6
{[%clk 0:01:09]} Qc7 {[%clk 0:18:06]} 64. Qh8+ {[%clk 0:00:38]} Kg5
{[%clk 0:17:54]} 65. Qe8 {[%clk 0:00:33]} Kf6 {[%clk 0:17:00]} 66. Qb5
{[%clk 0:00:33]} Qe7 {[%clk 0:15:40]} 67. Qb6+ {[%clk 0:00:32]} Kf5
{[%clk 0:15:50]} 68. Qb5+ {[%clk 0:00:32]} Kf4 {[%clk 0:16:04]} 69. Qb6
{[%clk 0:00:33]} Kg5 {[%clk 0:15:24]} 70. Qd4 {[%clk 0:00:36]} Qe6
{[%clk 0:12:44]} 71. Qd3 {[%clk 0:00:33]} Qe5 {[%clk 0:12:20]} 72. Kg2
{[%clk 0:00:52]} Ba5 {[%clk 0:11:19]} 73. Qf3 {[%clk 0:00:48]} Bb4
{[%clk 0:10:58]} 74. Qd3 {[%clk 0:01:14]} Kh6 {[%clk 0:11:24]} 75. Kf1
{[%clk 0:01:28]} Qe6 {[%clk 0:11:12]} 76. Kg2 {[%clk 0:01:24]} Qc6+
{[%clk 0:11:32]} 77. Kg1 {[%clk 0:01:24]} Qc5 {[%clk 0:11:37]} 78. Kf1
{[%clk 0:01:23]} Ba5 {[%clk 0:11:30]} 79. Kg2 {[%clk 0:01:23]} Kg7
{[%clk 0:11:52]} 80. Kf1 {[%clk 0:01:20]} Kf6 {[%clk 0:11:23]} 81. Qf3+
{[%clk 0:01:08]} Qf5 {[%clk 0:11:13]} 82. Qe3 {[%clk 0:00:51]} Qe5
{[%clk 0:10:39]} 83. Qf3+ {[%clk 0:01:05]} Qf5 {[%clk 0:10:12]} 84. Qe3
{[%clk 0:01:30]} Qe5 {[%clk 0:09:39]} 85. Qf3+ {[%clk 0:01:25]} Kg7
{[%clk 0:09:59]} 86. Qb7+ {[%clk 0:01:33]} Kh6 {[%clk 0:10:23]} 87. Qf3
{[%clk 0:01:50]} Bb4 {[%clk 0:10:35]} 88. Qd3 {[%clk 0:01:18]} Qf5
{[%clk 0:08:35]} 89. Qe3+ {[%clk 0:01:30]} Qg5 {[%clk 0:08:00]} 90. Qd4
{[%clk 0:01:38]} Qe7 {[%clk 0:08:02]} 91. Qh8+ {[%clk 0:01:21]} Kg5
{[%clk 0:08:27]} 92. Qd4 {[%clk 0:01:43]} Qc7 {[%clk 0:07:29]} 93. Qd5+
{[%clk 0:01:46]} Kh6 {[%clk 0:07:33]} 94. Qd4 {[%clk 0:01:41]} Kh7
{[%clk 0:07:47]} 95. Qe4 {[%clk 0:01:23]} Bc5 {[%clk 0:08:06]} 96. Qf3
{[%clk 0:01:34]} Bb6 {[%clk 0:08:03]} 97. Kg2 {[%clk 0:01:47]} Bc5
{[%clk 0:07:25]} 98. Kf1 {[%clk 0:01:58]} Bb4 {[%clk 0:07:13]} 99. Kg2
{[%clk 0:02:18]} Kg7 {[%clk 0:07:34]} 100. Kf1 {[%clk 0:02:19]} Qf7
{[%clk 0:07:22]} 101. Qe3 {[%clk 0:02:29]} Kh7 {[%clk 0:06:54]} 102. Kg2
{[%clk 0:02:17]} Qb7+ {[%clk 0:07:18]} 103. Kg1 {[%clk 0:02:39]} Qc7
{[%clk 0:07:15]} 104. Qe4 {[%clk 0:02:35]} Bc5 {[%clk 0:07:02]} 105. Kg2
{[%clk 0:02:33]} Qf7 {[%clk 0:07:23]} 106. Qf3 {[%clk 0:02:18]} Qxf3+
{[%clk 0:06:06]} 107. Kxf3 {[%clk 0:02:41]} g5 {[%clk 0:05:04]} 108. a5
{[%clk 0:02:00]} Kg6 {[%clk 0:05:10]} 109. a6 {[%clk 0:00:54]} Kf5
{[%clk 0:05:22]} 110. b4 {[%clk 0:01:01]} Ba7 {[%clk 0:05:48]} 111. c5
{[%clk 0:00:33]} Ke5 {[%clk 0:05:53]} 112. Ke3 {[%clk 0:00:33]} Kd5
{[%clk 0:05:04]} 113. f4 {[%clk 0:01:02]} gxf4+ {[%clk 0:04:51]} 114. Kxf4 Kc6
115. Ke5 {[%clk 0:00:33]} h4 {[%clk 0:04:16]} 116. Kd4 {[%clk 0:00:40]} Kb5
{[%clk 0:04:23]} 117. Kd5 Bb8 118. c6 {[%clk 0:00:35]} Kxa6 {[%clk 0:05:07]} 119.
Ke4 {[%clk 0:00:32]} Kb5 {[%clk 0:05:28]} 120. Kf3 {[%clk 0:00:52]} Kxc6
{[%clk 0:05:52]} 121. Kg2 {[%clk 0:01:13]} Kb5 {[%clk 0:06:11]} 122. Kh1
{[%clk 0:01:23]} Kxb4 {[%clk 0:06:32]} 123. Kg2 {[%clk 0:01:29]} Kc3
{[%clk 0:06:57]} 124. Kf3 {[%clk 0:01:42]} Kd3 {[%clk 0:07:15]} 125. Kg2
{[%clk 0:02:07]} Ke2 {[%clk 0:07:39]} 126. Kh1 {[%clk 0:02:31]} Kf1
{[%clk 0:08:07]} 1/2-1/2

[Event "World Chess Olympiad 2018"]
[Site "Batumi"]
[Date "2018.09.30"]
[Round "6"]
[Board "3"]
[WhiteFideId "14203987"]
[White "Yakubboev Nodirbek"]
[BlackFideId "12803731"]
[Black "Laurusas Tomas"]
[Result "1-0"]
[LiveChessVersion "1.4.8"]
[BlackElo "2484"]
[WhiteElo "2521"]

1. c4 {[%clk 1:30:17]} c6 {[%clk 1:30:53]} 2. d4 {[%clk 1:30:37]} d5
{[%clk 1:31:15]} 3. Nf3 {[%clk 1:30:54]} Nf6 {[%clk 1:31:38]} 4. Nc3
{[%clk 1:29:52]} g6 {[%clk 1:31:50]} 5. cxd5 {[%clk 1:21:44]} cxd5
{[%clk 1:32:11]} 6. Bf4 {[%clk 1:22:12]} Bg7 {[%clk 1:32:04]} 7. e3
{[%clk 1:20:54]} O-O {[%clk 1:32:12]} 8. Bd3 {[%clk 1:19:07]} Nc6
{[%clk 1:31:57]} 9. h3 {[%clk 1:17:37]} a6 {[%clk 1:27:51]} 10. O-O
{[%clk 1:11:51]} b5 {[%clk 1:26:10]} 11. a4 {[%clk 1:04:30]} b4 {[%clk 1:26:32]}
12. Nb1 {[%clk 1:04:37]} Bf5 {[%clk 1:19:21]} 13. Bxf5 {[%clk 1:01:48]} gxf5
{[%clk 1:19:48]} 14. Qd3 {[%clk 0:59:33]} Ne4 {[%clk 1:19:23]} 15. Nbd2
{[%clk 0:58:19]} Qb6 {[%clk 1:15:52]} 16. Rfc1 {[%clk 0:53:45]} Rfc8
{[%clk 1:13:52]} 17. Rc2 {[%clk 0:48:41]} Nd8 {[%clk 0:33:56]} 18. Rac1
{[%clk 0:44:37]} Rxc2 {[%clk 0:34:19]} 19. Qxc2 {[%clk 0:43:37]} Ne6
{[%clk 0:34:44]} 20. Be5 {[%clk 0:41:50]} b3 {[%clk 0:22:58]} 21. Nxb3
{[%clk 0:37:34]} Bxe5 22. Nxe5 {[%clk 0:36:27]} Rb8 {[%clk 0:20:38]} 23. Nd7
{[%clk 0:35:19]} Qxb3 {[%clk 0:21:03]} 24. Nxb8 {[%clk 0:35:44]} Qxb8
{[%clk 0:21:26]} 25. Qc8+ {[%clk 0:36:09]} Qxc8 {[%clk 0:21:52]} 26. Rxc8+
{[%clk 0:36:34]} Kg7 {[%clk 0:22:13]} 27. b4 {[%clk 0:35:51]} Nd6
{[%clk 0:16:50]} 28. Rc6 {[%clk 0:36:09]} Kf8 {[%clk 0:16:40]} 29. Rxa6
{[%clk 0:31:04]} Ke8 {[%clk 0:17:03]} 30. b5 {[%clk 0:24:37]} Nc4
{[%clk 0:16:11]} 31. Ra7 {[%clk 0:19:03]} Nd8 {[%clk 0:13:46]} 32. a5
{[%clk 0:18:34]} Nd6 {[%clk 0:14:09]} 33. b6 {[%clk 0:18:18]} Nc6
{[%clk 0:14:25]} 34. a6 {[%clk 0:17:36]} Kd8 {[%clk 0:14:43]} 35. Rc7
{[%clk 0:16:46]} 1-0

[Event "World Chess Olympiad 2018"]
[Site "Batumi"]
[Date "2018.09.30"]
[Round "6"]
[Board "4"]
[WhiteFideId "12804444"]
[White "Stremavicius Titas"]
[BlackFideId "14200104"]
[Black "Iuldachev Saidali"]
[Result "1-0"]
[LiveChessVersion "1.4.8"]
[BlackElo "2445"]
[WhiteElo "2467"]

1. c4 {[%clk 1:30:57]} e5 {[%clk 1:30:38]} 2. Nc3 {[%clk 1:31:13]} Nc6
{[%clk 1:31:00]} 3. g3 {[%clk 1:30:59]} f5 {[%clk 1:31:16]} 4. Nf3
{[%clk 1:31:04]} Nf6 {[%clk 1:29:22]} 5. d4 {[%clk 1:31:10]} e4 {[%clk 1:29:21]}
6. Nh4 {[%clk 1:31:33]} d5 {[%clk 1:28:16]} 7. Bg5 {[%clk 1:24:51]} Be7
{[%clk 1:24:13]} 8. e3 {[%clk 1:22:51]} Ng4 {[%clk 1:16:17]} 9. h3
{[%clk 1:16:31]} Bxg5 {[%clk 1:00:20]} 10. hxg4 {[%clk 1:16:45]} Bxh4
{[%clk 1:00:18]} 11. Rxh4 {[%clk 1:10:57]} Ne7 {[%clk 1:00:41]} 12. gxf5
{[%clk 1:07:25]} Bxf5 {[%clk 0:58:22]} 13. cxd5 {[%clk 0:57:39]} Nxd5
{[%clk 0:58:31]} 14. Bh3 {[%clk 0:40:35]} O-O {[%clk 0:42:54]} 15. Qh5
{[%clk 0:38:55]} Qd7 {[%clk 0:36:12]} 16. Bxf5 {[%clk 0:36:58]} Qxf5
{[%clk 0:34:38]} 17. Qxf5 {[%clk 0:37:17]} Rxf5 {[%clk 0:35:04]} 18. Nxd5
{[%clk 0:37:31]} Rxd5 {[%clk 0:35:28]} 19. Rxe4 {[%clk 0:37:32]} c5
{[%clk 0:33:57]} 20. dxc5 {[%clk 0:30:21]} Rxc5 {[%clk 0:34:20]} 21. Rd1
{[%clk 0:30:45]} Rf8 {[%clk 0:30:21]} 22. Re7 {[%clk 0:24:27]} Rc2
{[%clk 0:29:09]} 23. f4 {[%clk 0:24:14]} Rg2 {[%clk 0:26:16]} 24. Rdd7
{[%clk 0:22:23]} Rxg3 {[%clk 0:26:24]} 25. Kf2 {[%clk 0:22:23]} Rg6
{[%clk 0:25:30]} 26. Rxb7 {[%clk 0:22:35]} a6 {[%clk 0:25:18]} 27. Re5
{[%clk 0:16:29]} h6 {[%clk 0:24:50]} 28. Kf3 {[%clk 0:14:13]} Rd8
{[%clk 0:15:41]} 29. a4 {[%clk 0:13:29]} Rd1 {[%clk 0:14:49]} 30. a5
{[%clk 0:12:19]} Kh7 {[%clk 0:12:45]} 31. Rb6 {[%clk 0:11:06]} Rxb6
{[%clk 0:12:37]} 32. axb6 {[%clk 0:11:35]} Rd6 {[%clk 0:13:01]} 33. b7
{[%clk 0:11:47]} Rb6 {[%clk 0:13:26]} 34. Re7 {[%clk 0:12:11]} Rb5
{[%clk 0:10:25]} 35. e4 {[%clk 0:02:14]} Kg6 {[%clk 0:08:46]} 36. e5
{[%clk 0:02:42]} Rb4 {[%clk 0:06:30]} 37. Rc7 {[%clk 0:01:43]} Kf5
{[%clk 0:03:03]} 38. Rf7+ {[%clk 0:02:08]} Ke6 {[%clk 0:03:30]} 39. Rxg7
{[%clk 0:32:21]} h5 {[%clk 0:31:43]} 40. Rg6+ {[%clk 0:32:21]} Kf7
{[%clk 0:29:51]} 41. Rxa6 {[%clk 0:31:31]} Rxb7 {[%clk 0:29:07]} 42. Rh6
{[%clk 0:31:44]} 1-0